Giáo trình hóa học môi trường
Cuốn " Giáo trình hóa học môi trường" này gồm 6 chương: Chương I: Đại cương về môi trường và giáo dục môi trường và chương III: Môi trường thủy quyển. Chương II: Môi trường khí quyển, chương IV: Môi trường thạch quyển. Chương V...
Đã lưu trong:
| Tác giả chính: | |
|---|---|
| Định dạng: | Sách |
| Ngôn ngữ: | Undetermined |
| Được phát hành: |
Hà Nội
Khoa học và Kỹ thuật
2006
|
| Những chủ đề: | |
| Các nhãn: |
Thêm thẻ
Không có thẻ, Là người đầu tiên thẻ bản ghi này!
|
| Thư viện lưu trữ: | Trung tâm Học liệu Trường Đại học Cần Thơ |
|---|
| LEADER | 01125nam a2200217Ia 4500 | ||
|---|---|---|---|
| 001 | CTU_129110 | ||
| 008 | 210402s9999 xx 000 0 und d | ||
| 020 | |c 51000 | ||
| 082 | |a 363.7 | ||
| 082 | |b B102 | ||
| 100 | |a Đặng, Đình Bạch | ||
| 245 | 0 | |a Giáo trình hóa học môi trường | |
| 245 | 0 | |c Đặng Đình Bạch (chủ biên), Nguyễn Văn Hải | |
| 260 | |a Hà Nội | ||
| 260 | |b Khoa học và Kỹ thuật | ||
| 260 | |c 2006 | ||
| 520 | |a Cuốn " Giáo trình hóa học môi trường" này gồm 6 chương: Chương I: Đại cương về môi trường và giáo dục môi trường và chương III: Môi trường thủy quyển. Chương II: Môi trường khí quyển, chương IV: Môi trường thạch quyển. Chương V Độc hóa học và chương VI: Công nghệ môi trường | ||
| 650 | |a Environmental policy,Environmental protection,Bảo vệ môi trường | ||
| 650 | |z Vietnam,Vietnam | ||
| 904 | |i Minh | ||
| 980 | |a Trung tâm Học liệu Trường Đại học Cần Thơ | ||